000
00287nam a22001337a 4500
003
SGT
082
_a
616.0754
_b
C17H
100
_a
HAGGA,JOHN R
245
_a
CT AND MRI OF THE WHOLE BODY
250
_a
6TH
260
_a
PHILADELPHIA
_b
ELSEVIER
_c
2017
300
_a
1189
942
_2
ddc
_c
BK
999
_c
14211
_d
14211